[Event "BCF-chT4 2223 (4NCL)"]
[Site "England"]
[Date "2023.04.30"]
[Round "10.144"]
[White "David, Barry"]
[Black "McKean, Matthew"]
[Result "1-0"]
[WhiteElo "1703"]
[BlackElo "1503"]
[PlyCount "45"]
[EventDate "2022.11.05"]
[EventType "team-swiss"]
[EventRounds "11"]
[EventCountry "ENG"]
[SourceTitle "EXT 2024"]
[Source "ChessBase"]
[SourceDate "2023.10.10"]
[SourceVersion "1"]
[SourceVersionDate "2023.10.10"]
[SourceQuality "1"]
[WhiteTeam "Deaf England"]
[BlackTeam "Crowthorne II"]
[WhiteTeamCountry "ENG"]
[BlackTeamCountry "ENG"]

1. e4 e5 2. Nf3 Nc6 3. Bc4 Nf6 4. Ng5 d5 5. exd5 Nxd5 6. Nxf7 Kxf7 7. Qf3+ Qf6 8. Bxd5+ Be6 9. Bxe6+ Kxe6 10. Qb3+ Kd7 11. Qxb7 Bc5 12. 0-0 Rhf8 13. Qb5 Kd6 14. Nc3 Qxf2+ 15. Rxf2 Bxf2+ 16. Kh1 Bd4 17. Ne4+ Kd7 18. c3 Rf4 19. Ng3 Kd6 20. cxd4 Nxd4 21. Qd3 Raf8 22. b3 e4 23. Qxd4+ 1-0

[Event "BCF-chT4 2223 (4NCL)"]
[Site "England"]
[Date "2023.02.05"]
[Round "6.152"]
[White "McKean, Matthew"]
[Black "Goodwin, Ed H"]
[Result "0-1"]
[WhiteElo "1515"]
[BlackElo "1822"]
[PlyCount "48"]
[EventDate "2022.11.05"]
[EventType "team-swiss"]
[EventRounds "11"]
[EventCountry "ENG"]
[SourceTitle "EXT 2024"]
[Source "ChessBase"]
[SourceDate "2023.10.10"]
[SourceVersion "1"]
[SourceVersionDate "2023.10.10"]
[SourceQuality "1"]
[WhiteTeam "Crowthorne II"]
[BlackTeam "Coventry"]
[WhiteTeamCountry "ENG"]
[BlackTeamCountry "ENG"]

1. c4 e5 2. Nc3 Nc6 3. g3 f5 4. Bg2 Nf6 5. d3 Bc5 6. Bg5 Bxf2+ 7. Kxf2 Ng4+ 8. Ke1 Qxg5 9. Nd5 Qd8 10. Nf3 0-0 11. Qd2 d6 12. h3 Nf6 13. Ng5 Ne7 14. Nxe7+ Qxe7 15. g4 c6 16. d4 Bd7 17. b4 exd4 18. Qxd4 h6 19. Nf3 Rae8 20. Bf1 fxg4 21. hxg4 Bxg4 22. Kd1 c5 23. Qd3 Bxf3 24. Qxf3 Ne4 0-1

[Event "BCF-chT4 2223 (4NCL)"]
[Site "England"]
[Date "2022.11.06"]
[Round "2.143"]
[White "Joyce, Brian"]
[Black "McKean, Matthew"]
[Result "0-1"]
[WhiteElo "1350"]
[BlackElo "1528"]
[PlyCount "70"]
[EventDate "2022.11.05"]
[EventType "team-swiss"]
[EventRounds "11"]
[EventCountry "ENG"]
[SourceTitle "EXT 2024"]
[Source "ChessBase"]
[SourceDate "2023.10.10"]
[SourceVersion "1"]
[SourceVersionDate "2023.10.10"]
[SourceQuality "1"]
[WhiteTeam "Celtic Tigers III"]
[BlackTeam "Crowthorne II"]
[WhiteTeamCountry "ENG"]
[BlackTeamCountry "ENG"]

1. e4 e5 2. Nf3 Nc6 3. d3 Bc5 4. g3 Nf6 5. Nbd2 0-0 6. c3 Ng4 7. d4 Nxf2 8. Kxf2 exd4 9. Kg2 d5 10. h3 Be6 11. Ng5 Qxg5 12. Nf3 Qe7 13. Qe1 dxe4 14. Ng5 f5 15. Bf4 Bd5 16. Kh2 h6 17. c4 Bf7 18. Nxf7 Rxf7 19. Rd1 e3 20. a3 a5 21. h4 Re8 22. Bg2 g5 23. Bxg5 hxg5 24. Qe2 Rh7 25. Bd5+ Kg7 26. Kg2 gxh4 27. Qf3 Rf8 28. Rxh4 Rxh4 29. gxh4 Qxh4 30. Qg3+ Qxg3+ 31. Kxg3 f4+ 32. Kf3 Ne5+ 33. Ke4 d3 34. Kxe5 e2 35. Rg1+ Bxg1 0-1